00528nam a2200181 a 45000010010000000030011000100080041000210350026000620820014000881000022001022450034001242600037001586500014001959420012002099520090002219980020003119990015003310000-8587ELIB.Books110520 1952  a(ELIB.Books)0000-8733 a251 bMil aMiller, Donald G. aThe Way to Biblical Preaching bNashville: Abingdon Press c1952 aPreaching 2ddccBK 00102ddc4070aKBTSbKBTSd2011-05-20l0p7405r2022-01-22 00:00:00w2022-01-22yBK cbate2011-05-20 c8587d8587